| 000 | 00000nam##2200000za#4500 |
| 001 | 9.636426 |
| 003 | CaOODSP |
| 005 | 20210624220729 |
| 007 | cr ||||||||||| |
| 008 | 150407|2007||||xxc|||||o f|0| 0 fre|d |
| 040 | |aCaOODSP|bfre |
| 043 | |an-cn--- |
| 086 | 1 |aH128-1/07-435F-PDF |
| 110 | 1 |aCanada. |bSanté Canada.|bDirection générale de la santé environnementale et de la sécurité des consommateurs. |
| 245 | 10|aLes briquets à usages multiples sont dangereux pour les enfants! |h[ressource électronique] |
| 250 | |aÉd. rév |
| 260 | |aOttawa - Ontario : |bSanté Canada. |cMars 2007. |
| 300 | |a1p.|bill. |
| 500 | |aLe n° de catalogue (H128-1/05-435) et l'ISBN (0-662-69214-4) copiés dans cette version PDF sont incorrects. |
| 520 | 3 |aSanté Canada s’applique à garder les Canadiens en sécurité en diffusant une information qui favorise l’accroissement de la sécurité et un meilleur usage des produits de consommation. |
| 590 | |a09-07-Supp|b2009-08-17 |
| 691 | 07|aPrévention des incendies|2gcpds |
| 691 | 07|aSécurité de l'enfant|2gcpds |
| 775 | 08|tUtility lighters are dangerous in the hands of children! |w(CaOODSP)9.692176 |
| 776 | 0#|tUtility lighters are dangerous in the hands of children! |w(CaOODSP)9.668753 |
| 776 | 0#|tLes briquets à usages multiples sont dangereux pour les enfants! |w(CaOODSP)9.668754 |
| 856 | 40|ahttp://publications.gc.ca|qPDF|s169 Ko|uhttps://publications.gc.ca/collections/collection_2009/sc-hc/H128-1-07-435F.pdf |
| 986 | |aSC Pub. 4547 |